[Event "38th Olympiad w"]
[Site "Dresden GER"]
[Date "2008.11.17"]
[Round "5"]
[White "Perera,A"]
[Black "Lim,G"]
[Result "0-1"]
[WhiteElo "1828"]
[BlackElo "2072"]

1.e4 d5 2.exd5 Qxd5 3.Nc3 Qd6 4.d4 c6 5.Nf3 Bg4 6.Be2 Bxf3 7.Bxf3 e6 8.O-O Nf6
9.Re1 Be7 10.g3 Na6 11.Bf4 Qd7 12.Ne4 Rd8 13.c3 O-O 14.Nxf6+ Bxf6 15.Qc2 Nc7
16.Be4 h6 17.Qc1 g5 18.Bd2 Bg7 19.h4 f5 20.Bc2 gxh4 21.Bxh6 Bxh6 22.Qxh6 hxg3
23.fxg3 Qg7 24.Qxg7+ Kxg7 25.Re2 Rf6 26.Rae1 Rh8 27.Bb3 Rh3 28.Kg2 Rfh6 29.Kf3 Rg6
30.Rg1 Kf6 31.Rgg2 Rg4 32.Re5 a6 33.Bd1 Nd5 34.Kf2 Re4 35.Rxe4 fxe4 36.c4 Nb4
37.Ke3 Rh1 38.Be2 Nxa2 39.Kxe4 Re1 40.Kd3 Kg5 41.Kd2 Rb1 42.Kc2 Re1 43.Kd2 Rh1
44.Bf3 Nb4 45.Kc3 a5 46.b3 Rf1 47.Be2 Rc1+ 48.Kd2 Rc2+ 49.Ke1 Rb2 50.Rh2 Nc2+
51.Kf1 Nxd4 52.Rh5+ Kg6 53.Re5 Rxe2 54.Rxe2 Nxe2 55.Kxe2 b5 56.Kd3 a4 57.Kc3 e5
58.bxa4 bxa4 59.Kb4 e4 60.Kxa4 e3 61.Ka5 e2 62.Kb6 e1=Q 63.Kxc6 Qxg3 64.c5 Qf3+
65.Kc7 Qf4+ 66.Kb6 Qb4+ 67.Kc6 Kf6 68.Kd6 Qd4+ 69.Kc6 Ke7 70.Kb5 Kd7  0-1

[Event "38th Olympiad w"]
[Site "Dresden GER"]
[Date "2008.11.17"]
[Round "5"]
[White "Hamid,R"]
[Black "Ptacnikova,L"]
[Result "0-1"]
[WhiteElo "2132"]
[BlackElo "2237"]

1.e4 d5 2.exd5 Qxd5 3.Nc3 Qd6 4.d4 Nf6 5.Nf3 a6 6.g3 Bg4 7.Bg2 Nc6 8.O-O O-O-O
9.h3 Bh5 10.Bf4 Qb4 11.d5 e6 12.a3 Qxb2 13.Na4 Qb5 14.c4 Qxc4 15.Rc1 Qxd5
16.Qe2 Bxa3 17.Ra1 Qb3 18.g4 Bg6 19.Ne5 Nd4 20.Qe3 Qxe3 21.Bxe3 Bb4 22.Ra2 Nb5
23.Rc1 Kb8 24.Nc5 Bxc5 25.Bxc5 Nd5 26.Rca1 f6 27.Nc4 Ndc3 28.Ra5 Be4 29.f3 Bc6
30.Ne3 Rd7 31.Nc2 Nd5 32.f4 Rhd8 33.Ne3 Nxe3 34.Bxc6 Rd1+ 35.Rxd1 Rxd1+ 36.Kf2 Nc4
37.Ra4 Nb2 38.Bxb5 axb5 39.Ba7+ Kc8 40.Ra3 b6 41.Bxb6 cxb6 42.Rb3 Rd2+ 43.Ke1 Rh2
44.Rxb5 Nd3+ 45.Kf1 Nxf4  0-1

[Event "38th Olympiad"]
[Site "Dresden GER"]
[Date "2008.11.17"]
[Round "5"]
[White "Picado,J"]
[Black "Liiva,R"]
[Result "0-1"]
[WhiteElo "2219"]
[BlackElo "2460"]

1.e4 d5 2.exd5 Qxd5 3.Nc3 Qd6 4.d4 Nf6 5.h3 a6 6.Nf3 Nc6 7.a3 e6 8.Be2 Be7
9.O-O O-O 10.Be3 Nd5 11.Nxd5 exd5 12.c4 dxc4 13.Bxc4 Bf5 14.Bd3 Bxd3 15.Qxd3 Qd5
16.Rac1 Bd6 17.Rfe1 Rfe8 18.Bd2 h6 19.Rxe8+ Rxe8 20.Re1 Rxe1+ 21.Bxe1 Ne5
22.Qf5 Nxf3+ 23.Qxf3 Qxf3 24.gxf3 c6 25.Kf1 f5 26.Bd2 Kf7 27.f4 Ke6 28.Ke2 Kd5
29.Kd3 b5 30.b4 Be7 31.f3 Bh4 32.Be3 Bg3 33.Kc3 Be1+ 34.Kd3 a5 35.bxa5 Bxa5
36.Bc1 Bd8 37.Bd2 Bf6 38.Be3 g6 39.Bf2 Be7 40.Kc3 Bxa3 41.Be3 Be7 42.Kd3 Bf6
43.Bf2 Be7 44.Kc3 Bf6 45.Kd3 b4 46.Be1 b3  0-1

[Event "38th Olympiad w"]
[Site "Dresden GER"]
[Date "2008.11.19"]
[Round "6"]
[White "Stojanovic,Mari"]
[Black "Safar,A"]
[Result "1/2-1/2"]
[WhiteElo "2199"]
[BlackElo "1559"]

1.e4 d5 2.exd5 Qxd5 3.Nc3 Qd6 4.d4 Nf6 5.Bd3 Bg4 6.f3 Bh5 7.Nge2 c6 8.Bf4 Qd8
9.Qd2 Nbd7 10.O-O-O e6 11.h4 Bb4 12.g4 Bg6 13.Bg3 Qa5 14.Bc4 h5 15.Qf4 Nd5
16.Bxd5 cxd5 17.Qc7 Qxc7 18.Bxc7 Rc8 19.Bg3 b5 20.a3 Bxc3 21.Nxc3 a6 22.Rd2 Nb6
23.Re2 Kd7 24.Rhh2 Rc6 25.Nd1 a5 26.Be1 Ra8 27.Ne3 Nc4 28.Nxc4 Rxc4 29.c3 b4
30.b3 Rc6 31.Kb2 bxc3+ 32.Bxc3 a4 33.Re3 axb3 34.Kxb3 Rb8+ 35.Bb4 Rc4 36.Rd2 Rc1
37.Rc3 Rh1 38.gxh5 Bxh5 39.Rdc2 Rxh4 40.Rc7+ Kd8 41.Ra7 Rxd4 42.Rcc7 Rc4
43.Rd7+ Ke8 44.Re7+ Kd8 45.Rad7+ Kc8 46.Ra7 Kd8  1/2-1/2

[Event "38th Olympiad w"]
[Site "Dresden GER"]
[Date "2008.11.19"]
[Round "6"]
[White "Petrenko,S"]
[Black "Winkelmann,E"]
[Result "1-0"]
[WhiteElo "2285"]
[BlackElo "2096"]

1.e4 d5 2.exd5 Qxd5 3.Nc3 Qd6 4.g3 Nf6 5.Bg2 c6 6.Nge2 g6 7.O-O Bg7 8.d3 O-O
9.h3 Na6 10.Be3 Nc7 11.Qd2 e5 12.Rad1 Be6 13.d4 exd4 14.Bxd4 Qe7 15.Nf4 Rfe8
16.Nxe6 Nxe6 17.Be3 Rad8 18.Qc1 a6 19.a3 Rxd1 20.Rxd1 Rd8 21.Re1 Qc7 22.Ne2 Nd5
23.Bd2 Nd4 24.Bg5 Nxe2+ 25.Rxe2 Nf6 26.c4 Re8 27.Bf4 Qd7 28.Rd2 Qe6 29.Rd1 h5
30.Bd2 Qf5 31.Be3 Qe6 32.Qc2 Nd7 33.b3 Nf6 34.Qd3 Kh7 35.Kh2 Kg8 36.Bf3 Kh7
37.Kg2 Kg8 38.b4 Kh7 39.a4 Kg8 40.b5 axb5 41.cxb5 Ra8 42.bxc6 bxc6 43.a5 Kh7
44.Bb6 Kg8 45.Qd6 Nd5 46.Qxe6 fxe6 47.Rc1 Rc8 48.Bxd5 exd5 49.a6 Bf8 50.a7 c5
51.Bxc5 Bxc5 52.Rxc5 Ra8 53.Rc7  1-0

[Event "38th Olympiad w"]
[Site "Dresden GER"]
[Date "2008.11.19"]
[Round "6"]
[White "Aginian,N"]
[Black "Ushenina,A"]
[Result "1/2-1/2"]
[WhiteElo "2325"]
[BlackElo "2496"]

1.e4 d5 2.exd5 Qxd5 3.Nc3 Qd6 4.d4 Nf6 5.Nf3 c6 6.g3 Bg4 7.Bg2 e6 8.O-O Be7
9.a3 O-O 10.Bf4 Qd8 11.h3 Bxf3 12.Bxf3 a5 13.Qd3 Na6 14.Rad1 Nc7 15.Rfe1 Ncd5
16.Nxd5 Nxd5 17.Bc1 Bf6 18.Be4 g6 19.h4 Bg7 20.h5 b5 21.hxg6 hxg6 22.Kg2 Ra7
23.c3 Rd7 24.Qf3 Qe7 25.Bc2 c5 26.a4 cxd4 27.Be4 Qc5 28.cxd4 Qb4 29.axb5 Qxb5
30.Rh1 Rc8 31.Bd3 Qc6 32.Bd2 Qb6 33.Rc1 Rxc1 34.Rxc1 Bxd4 35.b3 Bg7 36.Bc4 Nb4
37.Be3 Qb7 38.Qxb7 Rxb7 39.Rd1 Nc6 40.Bc5 Ne5 41.Rd8+ Kh7 42.Ra8 Nxc4 43.bxc4 Bc3
44.Bd6 Rb6 45.c5 Rc6 46.Kf3 Bb4 47.Ke4 Bxc5 48.Be5 g5 49.Rh8+ Kg6 50.Rg8+ Kh6
51.Rh8+ Kg6 52.Rg8+ Kh6 53.Rh8+  1/2-1/2

[Event "38th Olympiad w"]
[Site "Dresden GER"]
[Date "2008.11.21"]
[Round "8"]
[White "Basem Hassan,M"]
[Black "Barrenechea,S"]
[Result "0-1"]
[WhiteElo "1935"]
[BlackElo "1994"]

1.e4 d5 2.exd5 Qxd5 3.Nc3 Qd6 4.d4 a6 5.g3 Nc6 6.d5 Ne5 7.Bf4 g6 8.Qe2 Bg7
9.Bg2 Bg4 10.f3 Bd7 11.h4 h5 12.Nh3 Nh6 13.Nf2 Nf5 14.O-O-O Bh6 15.Bxh6 Nxh6
16.Rhe1 f6 17.Nfe4 Qb6 18.Nd2 O-O-O 19.Nc4 Nxc4 20.Qxc4 Nf5 21.Qf4 Qf2 22.Re2 Qxg3
23.Qxg3 Nxg3 24.Rxe7 Nf5 25.Re4 Rhe8 26.Rde1 Nxh4 27.Bh1 Nf5 28.Bg2 Ng3 29.Re7 h4
30.Rxe8 Rxe8 31.Rg1 Rh8 32.Ne4 Ne2+  0-1

[Event "38th Olympiad w"]
[Site "Dresden GER"]
[Date "2008.11.21"]
[Round "8"]
[White "Ohme,M"]
[Black "Bashkite,V"]
[Result "1-0"]
[WhiteElo "2237"]
[BlackElo "2129"]

1.e4 d5 2.exd5 Qxd5 3.Nc3 Qd6 4.d4 Nf6 5.Nf3 a6 6.g3 Bg4 7.Bg2 Nc6 8.O-O O-O-O
9.d5 Ne5 10.Bf4 Nxf3+ 11.Bxf3 Bxf3 12.Qxf3 e5 13.dxe6 Qxe6 14.b4 Qc6 15.Qxc6 bxc6
16.a3 Nd5 17.Nxd5 cxd5 18.Rfe1 Bd6 19.Bxd6 Rxd6 20.Re7 Rd7 21.Re3 Kb7 22.Kg2 h5
23.h4 Rh6 24.Rd1 Rhd6 25.Rd4 g6 26.Kf3 Kb6 27.Re5 f6 28.Re8 Rc6 29.Rg8 Rc3+
30.Rd3 Rxc2 31.Rxg6 Kb5 32.Rxf6 Kc4 33.Re3 Rd6 34.Rf5 Rc3 35.Rxc3+ Kxc3 36.Rxh5 d4
37.Ke2 Re6+ 38.Kd1 Kd3 39.Rf5 Kc3 40.h5 d3 41.Rc5+ Kd4 42.Rxc7 Re2 43.h6 Rxf2
44.h7 Rh2 45.a4 Ke3 46.Re7+ Kd4 47.b5 axb5 48.axb5 Rh1+ 49.Kd2 Rh2+ 50.Kc1 Rh1+
51.Kd2 Rh2+ 52.Kc1 Rh1+ 53.Kb2 d2 54.Rd7+ Kc5 55.Kc2 d1=Q+ 56.Rxd1 Rxh7 57.Kd3 Rg7
58.Rg1 Kxb5 59.Ke4 Kc5 60.Ke5 Rg4 61.Rc1+ Kb6 62.Rc3 Ra4 63.Kf5 Ra5+ 64.Kg6 Ra4
65.Kh5 Ra5+ 66.Kh4 Ra8 67.g4 Rh8+ 68.Kg5 Rg8+ 69.Kf5 Rf8+ 70.Ke6 Rg8 71.Rg3 Kc6
72.g5 Re8+ 73.Kf7 Re2 74.Rd3 Rf2+ 75.Kg7 Ra2 76.g6 Rg2 77.Kf7 Rf2+ 78.Kg8 Rg2
79.g7 Rh2 80.Rf3  1-0

[Event "38th Olympiad w"]
[Site "Dresden GER"]
[Date "2008.11.21"]
[Round "8"]
[White "Da Bosco,C"]
[Black "Safar,A"]
[Result "1-0"]
[WhiteElo "1966"]
[BlackElo "1559"]

1.e4 d5 2.exd5 Qxd5 3.Nc3 Qd6 4.d4 Nf6 5.Bg5 a6 6.Be2 Nc6 7.Nf3 Bg4 8.d5 Bxf3
9.Bxf3 Ne5 10.Bxf6 exf6 11.Qe2 Be7 12.Be4 Qb6 13.Rb1 Bb4 14.O-O O-O 15.a3 Be7
16.Kh1 Rfe8 17.f4 Nd7 18.Bf5 Nf8 19.Qg4 Rad8 20.Rf3 Bd6 21.Ne4 Be7 22.Rb3 Qa5
23.c4 b5 24.Bxh7+ Nxh7 25.Rh3 Bd6 26.Qh4 Kf8 27.Qxh7 bxc4 28.Qh8+ Ke7 29.Qxg7 f5
30.Qf6+ Kd7 31.Qxf5+ Ke7 32.Rh7 Rf8 33.Qe6+  1-0

[Event "TCh-AUT 2nd Bundesliga Ost 2008-9"]
[Site "Austria AUT"]
[Date "2008.11.22"]
[Round "4"]
[White "Steiner,Ad"]
[Black "Bawart,M"]
[Result "0-1"]
[WhiteElo "2212"]
[BlackElo "2378"]

1.e4 d5 2.exd5 Qxd5 3.Nc3 Qd6 4.d4 Nf6 5.Bc4 a6 6.Nge2 Qc6 7.Qd3 Qxg2 8.Rg1 Qxh2
9.Bf4 Qh3 10.Bxc7 Qxd3 11.Bxd3 Bg4 12.Nf4 Nbd7 13.Nfd5 e6 14.Ne3 Bf3 15.Rg3 Rc8
16.Be5 Bh5 17.f4 Bb4 18.Kd2 O-O 19.Rh1 Bg6 20.a3 Nxe5 21.dxe5 Bxc3+ 22.bxc3 Ne4+
23.Bxe4 Bxe4 24.Rhg1 Rfd8+ 25.Kc1 Bg6 26.R1g2 Rxc3 27.Kb2 Rc5 28.Nf1 Rdc8
29.c3 Rb5+ 30.Ka2 Kf8 31.Nd2 Ke7 32.Rf2 Rc6 33.Nb3 Bb1+ 34.Kb2 Be4 35.a4 Rbb6
36.Ka3 Bd5 37.Nd4 Rc4 38.f5 g6 39.f6+ Kd7 40.Rf1 Rc5 41.Rd1 Kc7 42.Rh3 h5
43.Rg1 Kd8 44.Rd1 Ke8 45.c4 Rxc4 46.a5 Rbb4 47.Nc2 Ra4+ 48.Kb2 Rxa5 49.Ne3 Rb4+
50.Kc3 Rb3+ 51.Kd2 Bc6 52.Ke1 Rxe5 53.Kf2 Rbxe3 54.Rxe3 Rf5+  0-1

[Event "TCh-AUT 2nd Bundesliga Ost 2008-9"]
[Site "Austria AUT"]
[Date "2008.11.22"]
[Round "4"]
[White "Fusi,C"]
[Black "Todor,R"]
[Result "1/2-1/2"]
[WhiteElo "2280"]
[BlackElo "2215"]

1.e4 d5 2.exd5 Qxd5 3.Nc3 Qd6 4.Nf3 Nf6 5.d4 a6 6.h3 Nbd7 7.Bc4 b5 8.Bb3 Bb7
9.Qe2 e6 10.O-O Be7 11.Ne5 c5 12.Nxd7 Nxd7  1/2-1/2

[Event "38th Olympiad w"]
[Site "Dresden GER"]
[Date "2008.11.22"]
[Round "9"]
[White "Voicu,C"]
[Black "Ushenina,A"]
[Result "1/2-1/2"]
[WhiteElo "2239"]
[BlackElo "2496"]

1.e4 d5 2.exd5 Qxd5 3.Nc3 Qd6 4.d4 Nf6 5.Bg5 Bg4 6.Qd2 c6 7.h3 Bf5 8.Nf3 Nbd7
9.O-O-O e6 10.a3 Qc7 11.Ne5 h6 12.Bxf6 Nxf6 13.Bd3 Bxd3 14.Qxd3 O-O-O 15.Qe2 Bd6
16.g3 Kb8 17.Rhe1 Rhe8 18.Rd3 a6 19.f4 Bf8 20.Qf3 Rd6 21.Red1 Rdd8 22.h4 Bd6
23.h5 Nd5 24.Ne4 Nf6 25.Nf2 Rc8 26.R1d2 Re7 27.Kb1 c5 28.Ne4 c4 29.Rc3 b5
30.Qe2 Nd5 31.Rf3 f5 32.Nc3 Nxc3+ 33.Rxc3 Bxe5 34.Qxe5 Qxe5 35.dxe5 Rcc7
36.Rd6 Kb7 37.b3 cxb3 38.Rxb3 Rc4 39.Rbd3 Rec7 40.Rxe6 Rxc2 41.Red6 Rc1+
42.Kb2 R7c2+ 43.Kb3 Rc4 44.Rd7+ Kb6 45.Rxg7 Rb1+ 46.Ka2 Rcc1 47.Rd6+ Ka5
48.Ra7 Ra1+ 49.Kb2 Rab1+ 50.Ka2 Ra1+ 51.Kb2 Rab1+  1/2-1/2

[Event "38th Olympiad w"]
[Site "Dresden GER"]
[Date "2008.11.22"]
[Round "9"]
[White "Kulovana,E"]
[Black "Steinbacher,C"]
[Result "1-0"]
[WhiteElo "2286"]
[BlackElo "2203"]

1.e4 d5 2.exd5 Qxd5 3.Nc3 Qd6 4.d4 Nf6 5.Nf3 c6 6.Ne5 Bf5 7.Bf4 Qb4 8.Nc4 Ne4
9.a3 Nxc3 10.axb4 Nxd1 11.Nb6 Bxc2 12.Nxa8 e5 13.Bd2 exd4 14.Rxa7 Bd6 15.Be2 Nxb2
16.O-O d3 17.Bf3 O-O 18.Rxb7 Nc4 19.Bc3 Na6 20.Nb6 Na3 21.Nd7 Rc8 22.Ra1 Nb1
23.Be5 Bxe5 24.Nxe5 f6 25.Nxc6 Re8 26.Re7 Rxe7 27.Nxe7+ Kf7 28.Nc6 d2 29.Rxa6 Be4
30.Bd1 Nc3 31.Bb3+ Ke8 32.Nd4 Bd5 33.Bc2 Be4 34.Re6+ Kd7 35.Rxe4 Nxe4 36.Nb3 Kd6  1-0

[Event "38th Olympiad w"]
[Site "Dresden GER"]
[Date "2008.11.23"]
[Round "10"]
[White "Makropoulou,M"]
[Black "Dedijer,S"]
[Result "1-0"]
[WhiteElo "2265"]
[BlackElo "2049"]

1.e4 d5 2.exd5 Qxd5 3.Nc3 Qd6 4.d4 c6 5.g3 Nf6 6.Bg2 Bg4 7.Nge2 e6 8.Bf4 Bxe2
9.Nxe2 Qb4+ 10.c3 Qb6 11.O-O Nbd7 12.Qc2 Be7 13.Nc1 O-O 14.Nd3 Nd5 15.Bd2 Qd8
16.c4 Nc7 17.Rad1 Bd6 18.Bc3 Ne8 19.Rfe1 Nef6 20.Qe2 Re8 21.Qf3 Qc7 22.Ne5 Rad8
23.b4 a6 24.h4 Nf8 25.Nd3 h5 26.Bh3 Ng6 27.a3 Nf8 28.Ne5 Qe7 29.Bd2 N8h7
30.Bf4 a5 31.bxa5 Bxa3 32.a6 Bb4 33.Re3 c5 34.axb7 Rxd4 35.Rxd4 cxd4 36.Rb3 Nd5
37.cxd5 Qxb7 38.dxe6 Qxf3 39.exf7+  1-0

[Event "38th Olympiad w"]
[Site "Dresden GER"]
[Date "2008.11.23"]
[Round "10"]
[White "Sukandar,I"]
[Black "Calzetta,M"]
[Result "0-1"]
[WhiteElo "2303"]
[BlackElo "2328"]

1.e4 d5 2.exd5 Qxd5 3.Nc3 Qd6 4.d4 Nf6 5.Nf3 a6 6.h3 e6 7.Bd3 Nc6 8.Ne4 Nxe4
9.Bxe4 g6 10.O-O Bg7 11.Be3 O-O 12.Qd2 e5 13.Bxc6 exd4 14.Bxd4 Qxc6 15.Bxg7 Kxg7
16.Qf4 Qf6 17.Qxc7 Bxh3 18.Qg3 Be6 19.c3 Rfd8 20.Rfe1 Rd3 21.Re3 Rxe3 22.fxe3 Bd5
23.Nd4 Re8 24.b3 Re5 25.Rf1 Rg5 26.Qf2 Qe5 27.e4 Qxe4 28.Nf3 Rg4 29.c4 Bc6
30.b4 f6 31.Qc5 Qe6 32.Re1 Rxg2+ 33.Kxg2 Qxe1  0-1

[Event "38th Olympiad"]
[Site "Dresden GER"]
[Date "2008.11.23"]
[Round "10"]
[White "Balogh,C"]
[Black "Jenni,F"]
[Result "1/2-1/2"]
[WhiteElo "2616"]
[BlackElo "2543"]

1.e4 d5 2.exd5 Qxd5 3.Nc3 Qd6 4.d4 Nf6 5.Be2 c6 6.Bf3 Bf5 7.Nge2 e6 8.Ng3 Bg6
9.Nce4 Nxe4 10.Nxe4 Bxe4 11.Bxe4 Nd7 12.O-O Nf6 13.Bf3 Be7 14.c4 O-O 15.Re1 Rfd8
16.Be3 Rd7 17.Qc2 Qc7 18.g3 Rad8 19.a3 Qc8 20.b4 a6 21.Rab1 Ne8 22.Qb3 Nc7
23.Rbc1 Qb8 24.Red1 Bf6 25.Qc3 Ne8 26.Rd3 Nd6 27.Bg4 b5 28.Bf4 bxc4 29.Bxd6 Rxd6
30.Qxc4 Bxd4 31.Kg2 Qb6 32.Rc2 g6 33.Bf3 c5 34.bxc5 Qxc5 35.Qxc5 Bxc5 36.Rxd6 Bxd6
37.Rc6 Bxa3 38.Rxa6 Rd3 39.h4 h6 40.Be4 Rc3 41.Ra7 Bd6 42.Rd7 Bc7 43.Rd2 Rb3
44.Rc2 Be5 45.Bc6 Kf8 46.Ba4 Rb4 47.Bc6 Ke7 48.Ra2 Rc4 49.Bb5 Rc5 50.Be2 Bc7
51.Bd3 Bb6 52.Rb2 Rc6 53.Rc2 Rd6 54.Bb5 Rd5 55.Bc6 Ra5 56.Rb2 Bd4 57.Rd2 Ba7
58.Rb2 f5 59.Bf3 Kf6 60.Be2 Bd4 61.Rd2 Ra4 62.Rc2 Be5 63.Rc6 Rd4 64.Ra6 Bd6
65.Bc4 g5 66.hxg5+ hxg5 67.Bb3 g4 68.Ra4 Rd3 69.Bc4 Rd2 70.Ra2 Rd4 71.Ra6 e5
72.Be2 Rd2 73.Kf1 Kg5 74.Ra8 e4 75.Rd8 Kf6 76.Bb5 Ke5 77.Re8+ Kd5 78.Rd8 Ke6
79.Re8+ Be7 80.Ra8 Rc2 81.Ra2 Rc1+ 82.Kg2 Bc5 83.Be2 Ke5 84.Ra5 Rc2 85.Kf1 Kd5
86.Ra8 Rc3 87.Rd8+ Bd6 88.Ba6 Ke5 89.Re8+ Kf6 90.Rc8 Ra3 91.Rc6 Ke5 92.Bc8 Rf3
93.Kg2 Kd5 94.Bb7 Bc5 95.Ra6+ Ke5 96.Ra2 Rc3 97.Rd2 Bd6 98.Ra2 Ke6 99.Ba6 Kf6
100.Be2 Bc5 101.Bd1 Bd4 102.Rd2 Ke5 103.Ra2 Rc1 104.Be2 Bc5 105.Rb2 Rc3 106.Ra2 Rc1
107.Rb2 Kf6 108.Ra2 Kg5 109.Rb2 Bd4 110.Rd2 Be5 111.Rd5 Kf6 112.Rd2 Rc3 113.Ra2 Kg5
114.Ra5 Bc7 115.Ra2 f4 116.gxf4+ Kxf4 117.Ra8 Bd6 118.Rg8 Rc2 119.Kf1 Rc1+
120.Kg2 Rc2  1/2-1/2

[Event "38th Olympiad"]
[Site "Dresden GER"]
[Date "2008.11.23"]
[Round "10"]
[White "Georgiev,Ves"]
[Black "Garcia,Rau"]
[Result "1-0"]
[WhiteElo "2372"]
[BlackElo "2257"]

1.e4 d5 2.exd5 Qxd5 3.Nc3 Qd6 4.d4 Nf6 5.Bg5 a6 6.Qd2 b5 7.Bf4 Qb6 8.Nf3 e6
9.Bd3 Bb7 10.Ne5 Nbd7 11.O-O-O Be7 12.Rhe1 Rd8 13.Qe3 c5 14.dxc5 Nxc5 15.Be2 b4
16.Nc4 Rxd1+ 17.Rxd1 Qa7 18.Na4 Nfd7 19.Nd6+ Kf8 20.Nxf7 Kxf7 21.Rxd7 Ke8
22.Nxc5  1-0

[Event "38th Olympiad"]
[Site "Dresden GER"]
[Date "2008.11.23"]
[Round "10"]
[White "Al Modiahki,M"]
[Black "Predojevic,B"]
[Result "0-1"]
[WhiteElo "2559"]
[BlackElo "2615"]

1.e4 d5 2.exd5 Qxd5 3.Nc3 Qd6 4.d4 c6 5.Bc4 Nf6 6.Nge2 Bf5 7.Bf4 Qb4 8.Bb3 e6
9.O-O Nbd7 10.Bc7 Rc8 11.a3 Qe7 12.Ba5 b6 13.Bb4 Qd8 14.Bxf8 Kxf8 15.Ng3 g6
16.Nce2 Kg7 17.Nf4 Qc7 18.Qd2 Rcd8 19.Nxf5+ exf5 20.f3 Nc5 21.Ba2 Nb7 22.Rfe1 Rhe8
23.c3 c5 24.Rxe8 Rxe8 25.Nd5 Qd6 26.Nxf6 Qxf6 27.Bd5 Nd6 28.dxc5 bxc5 29.Qf2 f4
30.Re1 Re5 31.Rxe5 Qxe5 32.Qd2 h5 33.b4 cxb4 34.axb4 h4 35.Bc6 Nf5 36.Be4 Ne3
37.Qd4 Qxd4 38.cxd4 f5 39.Bb1 Kf6 40.Kf2 g5 41.b5 Ke6 42.Ba2+ Kd6 43.Bb3 Kc7
44.Be6 Kb6 45.Bd7 Nc2 46.d5 Nd4 47.g3 hxg3+ 48.hxg3 Kc5 49.gxf4 gxf4 50.Kg2 Kxd5
51.Kf2 Kd6 52.Be8 Kc5 53.Bd7 Kc4 54.Kg2 Nxb5 55.Bxf5 Kc3 56.Kf2 Kd2  0-1

[Event "38th Olympiad w"]
[Site "Dresden GER"]
[Date "2008.11.23"]
[Round "10"]
[White "Silva,Na"]
[Black "Pacheco,H"]
[Result "1-0"]
[WhiteElo "2029"]
[BlackElo "1952"]

1.e4 d5 2.exd5 Qxd5 3.Nc3 Qd6 4.d4 Nc6 5.Be3 a6 6.Bc4 Nf6 7.a3 b5 8.Ba2 e6
9.Nf3 Bb7 10.Qd2 h6 11.Bf4 Qe7 12.O-O-O O-O-O 13.Rhe1 b4 14.axb4 Nxb4 15.Bc4 Qe8
16.Ne5 Be7 17.Nxf7 Nfd5 18.Nxd8 Bxd8 19.Nxd5 Nxd5 20.Bxd5 Bxd5 21.Qa5 Qf7
22.Qxa6+ Kd7 23.Qb5+ Bc6 24.Qe5 Bd5 25.Rd3 Rf8 26.Bg3 Qg6 27.Ra3 Rf5 28.Qe2 Bxg2
29.f3 Bh3 30.Ra7 Qf7 31.Qc4 e5 32.Qb5+  1-0

[Event "38th Olympiad w"]
[Site "Dresden GER"]
[Date "2008.11.25"]
[Round "11"]
[White "Tilenbaeva,J"]
[Black "Borsuk,A"]
[Result "0-1"]
[WhiteElo "2037"]
[BlackElo "2398"]

1.e4 d5 2.exd5 Qxd5 3.Nc3 Qd8 4.d4 Nf6 5.Bc4 a6 6.Nf3 b5 7.Bb3 c5 8.dxc5 Qxd1+
9.Nxd1 e6 10.a4 b4 11.Be3 Bb7 12.c3 bxc3 13.Nxc3 Nbd7 14.O-O Bxc5 15.Rfe1 Bxe3
16.Rxe3 Ng4 17.Re2 Bxf3 18.gxf3 Nge5 19.Rd1 Nxf3+ 20.Kg2 Nfe5 21.f4 Ng6 22.Kg3 Ne7
23.Ne4 Nf5+ 24.Kh3 Ke7 25.Ng5 Nc5 26.Bc2 g6 27.b4 Nb7 28.Be4 Rad8 29.Rc1 Nbd6
30.Bd3 Nd4 31.Rc7+ Kf6 32.Re4 N4f5 33.Re1 h6 34.Nf3 Rb8 35.Rb1 Rhc8 36.Ra7 Rc3
37.Ne5 Rb7 38.Rxa6 g5 39.Kg2 gxf4 40.Rc6 Ra3 41.Ng4+ Kg5 42.Nf2 Rxa4 43.b5 f3+
44.Kg1 Kf4 45.b6 e5 46.Bxf5 Nxf5 47.Nd3+ Ke3 48.Nc5 Rg4+ 49.Kf1 Nd4 50.Nxb7 Nxc6
51.Nd6 Rg2 52.b7 Rxh2 53.Rb3+ Kf4 54.Rc3 Nb8 55.Rc4+ Ke3 56.Nf5+ Kd3 57.Rc8 Na6
58.Ra8 Rb2 59.Nd6 e4 60.Rxa6 e3 61.Ra3+ Kd4 62.Ra4+ Kd5 63.Kg1 Kxd6 64.Ra3 Rb1+
65.Kh2 f2 66.Kg2 Ke5  0-1

[Event "38th Olympiad w"]
[Site "Dresden GER"]
[Date "2008.11.25"]
[Round "11"]
[White "You Garam"]
[Black "Pacheco,H"]
[Result "0-1"]
[WhiteElo "1511"]
[BlackElo "1952"]

1.e4 d5 2.exd5 Qxd5 3.Nc3 Qd6 4.Nf3 Nc6 5.Bc4 h6 6.d3 Bg4 7.Be3 e6 8.h3 Bh5
9.Nb5 Qe7 10.Qe2 O-O-O 11.g4 Bg6 12.O-O-O Nf6 13.Nfd4 Nxd4 14.Bxd4 a6 15.Na7+ Kb8
16.Qe3 c5 17.Nc6+ bxc6 18.Be5+ Ka7 19.d4 Nd5 20.Qa3 Qb7 21.dxc5 f6 22.Rd4 Nb4
23.Rxd8 Bxc5 24.Qa5 Rxd8 25.Qxc5+ Ka8 26.Qa5 Qd7 27.Qxb4 fxe5 28.Qb6 Qd2+  0-1

[Event "38th Olympiad"]
[Site "Dresden GER"]
[Date "2008.11.25"]
[Round "11"]
[White "Atlas,V"]
[Black "Liiva,R"]
[Result "0-1"]
[WhiteElo "2465"]
[BlackElo "2460"]

1.e4 d5 2.exd5 Qxd5 3.Nc3 Qd6 4.d4 Nf6 5.h3 a6 6.Be3 b5 7.Qf3 Nc6 8.Bf4 Qd7
9.g4 Bb7 10.Bg2 e6 11.O-O-O b4 12.Nce2 Na5 13.Qg3 Ne4 14.Bxe4 Bxe4 15.f3 Bd5
16.b3 Rc8 17.Kb1 c5 18.Rh2 c4 19.Nc1 Be7 20.h4 cxb3 21.axb3 Rc3 22.Rd3 O-O
23.Nge2 Rxd3 24.Nxd3 Qb5 25.Nec1 Nc6 26.Bg5 f6 27.Be3 a5 28.Nb2 e5 29.Rd2 Rc8
30.dxe5 Nxe5 31.f4 Nf7 32.Bd4 Nd6 33.Qd3 Qxd3 34.Nbxd3 Bf3 35.Nf2 Nb5 36.Bb2 Bc5
37.Rd3 Bb7 38.Nd1 Be4 39.Rh3 Bd6 40.Nd3 Bxd3 41.Rxd3 Bxf4 42.Rd5 Rb8 43.Ka2 Bd6
44.Ne3 Kf7 45.Nc4 Ke6 46.Rh5 h6 47.Nxd6 Kxd6 48.g5 hxg5 49.hxg5 Ke6 50.Rh7 fxg5
51.Rxg7 Kf5 52.Rf7+ Kg4 53.Rf6 Rc8 54.Kb1 Nc3+ 55.Kc1 Rc5 56.Rf8 Rf5 57.Rc8 Ne4
58.Bd4 Kf3 59.Bb6 g4 60.Rd8 g3 61.Rd3+ Kg4 62.Rd4 Kf4 63.Bc7+ Ke3 64.Rxe4+ Kxe4
65.Bxg3 Kd4 66.Kb2 Ke3 67.c3 Rg5 68.Bd6 Rg2+ 69.Kc1 bxc3 70.b4 Kd4  0-1

[Event "UTD Invitational GM"]
[Site "Richardson USA"]
[Date "2008.11.27"]
[Round "4"]
[White "Kudrin,S"]
[Black "Stopa,Ja"]
[Result "0-1"]
[WhiteElo "2553"]
[BlackElo "2461"]

1.e4 d5 2.exd5 Qxd5 3.Nc3 Qd6 4.d4 Nf6 5.Nf3 c6 6.Ne5 Nbd7 7.f4 Nb6 8.g4 Nbd5
9.g5 Nxc3 10.bxc3 Qd5 11.Rg1 Nd7 12.Ng4 g6 13.c4 Qa5+ 14.Bd2 Qc7 15.c3 Bg7
16.Qe2 Nb6 17.c5 Bxg4 18.Qxg4 Nd5 19.Bg2 e6 20.h4 h5 21.Qf3 O-O 22.Qe4 Ne7
23.Kd1 Rfd8 24.Kc2 Nf5 25.Be1 Rd7 26.Bf2 Ne7 27.Rgb1 b6 28.Rb3 bxc5 29.dxc5 Rad8
30.Be1 Qa5 31.Qb4 Qa6 32.Qe4 Rd5 33.Qe3 Nf5 34.Qf2 Rxc5 35.Kb2 Qa5 36.Rc1 Rc4
37.Bf1 Ra4 38.Kb1 Qd5 39.Kb2 Nd4 40.Rd1 Rxa2+  0-1

[Event "Bundesliga 2008-9"]
[Site "Emsdetten GER"]
[Date "2008.11.28"]
[Round "7"]
[White "Fressinet,L"]
[Black "Feygin,M"]
[Result "1-0"]
[WhiteElo "2676"]
[BlackElo "2569"]

1.e4 d5 2.exd5 Qxd5 3.Nc3 Qd6 4.d4 Nf6 5.Nf3 c6 6.Be3 Bg4 7.h3 Bxf3 8.Qxf3 Nbd7
9.O-O-O e6 10.Kb1 Qc7 11.g4 Nd5 12.Bc1 Nxc3+ 13.Qxc3 Bd6 14.Qf3 Nf6 15.g5 Ng8
16.c4 Qd7 17.d5 cxd5 18.cxd5 e5 19.h4 Ne7 20.Bh3 Qa4 21.h5 O-O 22.h6 gxh6
23.Bf5 Ng6 24.Qh3 Rfd8 25.Qxh6 Nf8  1-0

[Event "UTD Invitational IM"]
[Site "Richardson USA"]
[Date "2008.11.29"]
[Round "8"]
[White "Schneider,Ig"]
[Black "Lopez,Ne"]
[Result "1-0"]
[WhiteElo "2397"]
[BlackElo "2173"]

1.e4 d5 2.exd5 Qxd5 3.Nc3 Qd6 4.d4 Nf6 5.Nf3 a6 6.Bc4 b5 7.Bb3 Bb7 8.O-O e6
9.Qe2 Nbd7 10.Bg5 Be7 11.Rad1 O-O 12.d5 e5 13.Rfe1 b4 14.Ne4 Nxe4 15.Bxe7 Qxe7
16.Qxe4 Qd6 17.Ba4 f5 18.Qh4 e4 19.Ng5 Nf6 20.Ne6 Rf7 21.Bb3 g6 22.c4 bxc3
23.bxc3 a5 24.c4 a4 25.Bc2 Qb4 26.Ng5 Rg7 27.Rc1 Qxc4 28.d6 Qxa2 29.dxc7 Rc8
30.Bb1 Qb3 31.Nxe4 Nxe4 32.Qd8+ Kf7 33.Bxe4 fxe4 34.Red1 g5 35.Rd7+ Kg6 36.Rd6+ Kh5
37.h3 Rg6 38.Qe7 Qg8 39.Rd7 a3 40.Qxa3 g4 41.Rc5+ Rg5 42.hxg4+ Kg6 43.Rxg5+ Kxg5
44.Qc5+ Kxg4 45.Qe5  1-0

[Event "Mediterranean Open"]
[Site "Rijeka CRO"]
[Date "2008.11.29"]
[Round "1"]
[White "Saric,Iv"]
[Black "Dubois,Mart"]
[Result "1-0"]
[WhiteElo "2516"]
[BlackElo "2016"]

1.e4 d5 2.exd5 Qxd5 3.Nc3 Qd6 4.d4 Nf6 5.Nf3 c6 6.Ne5 Nbd7 7.Nc4 Qe6+ 8.Be2 b5
9.Ne3 Nb6 10.a4 b4 11.a5 bxc3 12.axb6 a6 13.bxc3 Bb7 14.O-O g6 15.Nc4 Nd5
16.Bg4 Nxc3 17.Bxe6 Nxd1 18.Rxd1 fxe6 19.Bf4 Bg7 20.Bc7 Rc8 21.Na5 Ba8 22.Nb3  1-0

[Event "21st Belgrade Trophy"]
[Site "Obrenovac SRB"]
[Date "2008.11.30"]
[Round "4"]
[White "Bergsson,Sn"]
[Black "Knezevic,Ml"]
[Result "1-0"]
[WhiteElo "2340"]
[BlackElo "2167"]

1.e4 d5 2.exd5 Qxd5 3.Nc3 Qd6 4.d4 Nf6 5.Nf3 a6 6.g3 g6 7.Bf4 Qd8 8.Bg2 Bg7
9.O-O O-O 10.Qe2 c6 11.Rfe1 Re8 12.Ne5 Be6 13.Rad1 Nd5 14.Bd2 Nxc3 15.Bxc3 Nd7
16.d5 cxd5 17.Bxd5 Bxd5 18.Rxd5 Bxe5 19.Bxe5 Qc8 20.Bc3 Qc6 21.Red1 Nf6 22.Re5 Kf8
23.Bb4 Ng8 24.Rd3 Rac8 25.c3 b6 26.Rd4 a5 27.Ba3 Rc7 28.Red5 Kg7 29.Qb5 Nf6
30.Qxc6 Rxc6 31.Re5 e6 32.c4 Rec8 33.b3 R8c7 34.Bb2 Ng8 35.Rd6 Kf8 36.Rd8+ Kg7
37.Rxe6+ f6 38.Rxc6 Rxc6 39.Rd7+ Kh6 40.Bd4 Kg5 41.Rg7 Nh6 42.Be3+ Kh5 43.h3 f5
44.g4+  1-0

[Event "Mediterranean Open"]
[Site "Rijeka CRO"]
[Date "2008.11.30"]
[Round "3"]
[White "Berescu,A"]
[Black "Sandalakis,A"]
[Result "1-0"]
[WhiteElo "2505"]
[BlackElo "2376"]

1.e4 d5 2.exd5 Qxd5 3.Nc3 Qd6 4.d4 Nf6 5.Nf3 a6 6.g3 Bg4 7.Bg2 Nc6 8.O-O O-O-O
9.d5 Nb4 10.Bf4 Qc5 11.Be3 Qa5 12.h3 Bh5 13.g4 Bg6 14.Nd4 Nbxd5 15.Nb3 Qb4
16.Nxd5 Nxd5 17.Bxd5 e6 18.c3 Qb5 19.c4 Qb4 20.a3 Qd6 21.Bxb7+ Kxb7 22.Qf3+ Kc8
23.Rfd1  1-0